000 00244nam a22001097a 4500
082 _a808.3 MAU'M
100 _aMAUGHAM, W. SOMERSET
_979445
245 _aTHE MOON AND SIXPACE
260 _aLONDON
_bPENGUIN
_c1969
300 _a216P
942 _cBK
999 _c584502
_d584502